000 00519nam a22001937a 4500
005 20251108170901.0
008 250721s1994 xx 000 0 ara d
082 1 4 _a028.1/سيد
100 1 _aالنساج، سيد حامد
245 1 0 _aرحلة التراث العربي /
250 _aط5
264 1 _aالقاهرة :
_bدار المعارف،
_c1994.
300 _a365ص
650 1 7 _aالنقد الأدبي
650 1 7 _aالكتب
650 1 7 _aالقراءة
942 _2ddc
_cBK
999 _c51263
_d51263